000 00406nam a2200169Ia 4500
008 230524s9999 xx 000 0 und d
020 _a8188429422
082 _a5.173
_bTHE
100 _aR.Theagarajan
245 0 _aMicroprocessor and Microcontroller
250 _a1ST
260 _aNEW DELHI
_bScitech
_c2004
300 _aXV;436
500 _aQuantity Number: 2
650 _aComp-Sc
942 _cBK
999 _c16560
_d16560